000 01006cam a2200313 a 4500
001 000004087
003 DO-SdBNP
005 20240112105809.0
007 ta
008 700716s1985 mx 000 f spa d
020 _a9682200687
040 _aDO-SdBNP
_bspa
_cBNPHU
041 _hspa
082 4 _a813.54
_bC246a 1985
_222
100 1 _aCapote, Truman,
_d1924-1984
_912174
240 1 0 _aIn cold blood.
_lEspañol
245 1 0 _aA sangre fría /
_cTruman Capote; traducción de Fernando Rodríguez.
264 1 _aMéxico :
_bArtemisa,
_c1985.
300 _a344 p. ;
_c19 cm.
490 _aBest Sellers. Origen-planeta
_v42
534 _pTítulo original
_tIn cold blood
650 4 _aNovela estadounidense
_9262
650 4 _aLiteratura estadounidense
_ySiglo XX
_96874
650 4 _aAsesinato
_zEstados Unidos
_vNovelas
_912175
700 1 _aRodríguez, Fernando,
_etraductor
_912176
830 0 _aBest Sellers. Origen-planeta ;
_v42
_911553
910 _aJornada de catalogación
942 _2ddc
_cLBS1
999 _c3905
_d3905